000 02144aam a2200421 i 4500
999 _c32104
_d32104
001 768714001
003 CO-MdFUSB
005 20200420114515.0
007 ta
007 cr aa aaaaa
008 200420b ||||| |||| 00| 0 eng d
020 _a9580429766
_qimpreso
020 _a9788498415384
_qelectrónico
040 _bspa.
_aCO-MdFUSB
_cCO-MdFUSB
_dCO-MdFUSBC
_erda
041 _aspa
082 0 4 _223
_a108
_bG111m
100 1 _aGaarder, Jostein (1952-)
_eautor
245 1 0 _aEl mundo de sofía : Novela sobre la historia de la filosofía /
_c/ Jostein Gaarder ; traducido por Kirsti Baggethun, Asunción Lorenzo,
_h[físico y electrónico]
250 _a29 revisada
264 1 _aBogotá, Colombia : Norma
_bNorma,
_c[2010]
264 4 _c© 2010
300 _a638 Paginas
_c; 23 cm
336 _atexto
_btxt
_2rdacontent
337 _2rdamedia
_asin mediación
_bn
337 _2rdamedia
_ainformático
_bc
338 _2rdacarrier
_avolumen
_bnc
338 _2rdacarrier
_aremoto
_bcr
347 _2rda
_afichero de texto
_bhtml
500 _aTítulo original : Sofies verden
505 0 0 _aEl jardín del edén -- el sombrero de copa -- los mitos -- los filósofos de la naturaleza -- Demócrito -- el destino -- Sócrates -- Atenas -- Platón -- la cabaña del mayor -- Aristóteles -- el helenismo -- las postales -- dos civilizaciones -- le edad media -- el renacimiento -- la época barroca -- descartes -- Spinoza -- Locke -- Hume -- Berkeley -- Bjerkely -- la ilustración -- Kant -- el romanticismo -- Hegel -- Kierkegaard -- Marx -- Darwin -- Freud -- nuestra época -- la fiesta en el jardín -- contrapunto -- la gran explosión
516 _aTexto electrónico
538 _aAcceso a Internet; requiere usuario y clave asignada por la biblioteca
650 1 4 _aFILOSOFIA - HISTORIA \ NOVELA
856 _b 2222650
_uhttp://search.ebscohost.com/login.aspx?direct=true&scope=site&db=nlebk&db=nlabk&AN=2222650
_zAbrir Versión electrónica del libro El mundo de Sofía : Novela sobre la historia de la filosofía
942 _cBK
945 _aJTF-925